[Event "German Masters (Women) 1st"]
[Site "Dresden"]
[Date "2014.11.17"]
[Round "1"]
[White "Michna, Marta"]
[Black "Hoolt, Sarah"]
[Result "1/2-1/2"]
[WhiteElo "2343"]
[BlackElo "2334"]
[Annotator "CB"]
[PlyCount "65"]
[EventDate "2014.11.17"]
[EventType "tourn"]
[EventRounds "9"]
[EventCountry "GER"]
[EventCategory "4"]
[SourceTitle "CBM 163 Extra"]
[Source "ChessBase"]
[SourceDate "2014.12.23"]
[SourceVersion "1"]
[SourceVersionDate "2014.12.23"]
[SourceQuality "1"]

1. d4 Nf6 2. Bg5 d5 3. Bxf6 exf6 4. e3 c6 5. g3 f5 6. Bg2 Nd7 7. Ne2 Nf6 8. O-O
Bd6 9. c4 dxc4 10. Nd2 Be6 11. Qc2 O-O 12. Nxc4 Bc7 (12... Be7 13. Rfc1 Nd5 14.
a3 a5 15. b3 h5 16. Ne5 Bd6 17. Bxd5 cxd5 18. h4 Qe7 19. a4 Rfc8 20. Qd1 g6 21.
Rxc8+ {0-1 (51) Nussbaecher,A (2217)-Lickleder,A (2250) Bayern 2000 nach 51
Zügen. Dies ist die letzte Vorgängerpartie zu dieser Variante.}) 13. Ne5 Qe7
14. Nf4 Rad8 15. Rac1 (15. Bxc6 {Marta zog dieses Opfer einen Zug später vor,
hier kommt es aber auch in Betracht.} Bxe5 16. dxe5 Ng4 17. Nxe6 fxe6 18. Bg2
Nxe5 $14) 15... Bc8 16. Bxc6 {der "offensichtliche" Zug gibt Sarah einiges zum
Denken auf. Darf sie nehmen? Welche Figur soltle zuerst geschlagen werden? Hat
sie eventuell etwas übersehen? Auf jeden Fall spielte sie nun die beste
Fortsetzung.} Bxe5 17. dxe5 Qxe5 18. Bg2 b6 (18... Ne4 {haben wir in der
Analyse noch ebenfalls besprochen, es scheint aber, dass Sarah Fortsetzung
auch an dieser Stelle genauer war als meine Anmerkungen während der Partie.})
19. Rfd1 Ba6 20. Qa4 Qb5 21. Qxb5 (21. Qa3 $1 {diesen Zug hatte Marta
eigentlich geplant und sie konnte sich nicht wirklich vorstellen, warum sie
diese Fortsetzung nicht gewählt hat, denn nun droht Lf1, was sehr unangenehm
für Sarah hätte werden können.}) 21... Bxb5 22. Nd5 Nxd5 23. Rxd5 Rxd5 24.
Bxd5 Rd8 25. Rc7 Be8 26. Bc6 (26. Bb3 a5 27. Kf1 {hätte noch ein wenig Leben
in der Stellung gehalten.}) 26... Bxc6 27. Rxc6 Kf8 28. b4 Ke7 29. Kg2 Rd2 30.
Rc7+ Rd7 31. Rc6 Rd2 32. Rc7+ Rd7 33. Rc6 1/2-1/2

[Event "URS-ch51 Final"]
[Site "Lvov"]
[Date "1984.04.21"]
[Round "13"]
[White "Vyzmanavin, Alexey"]
[Black "Tukmakov, Vladimir B"]
[Result "0-1"]
[WhiteElo "2470"]
[BlackElo "2550"]
[Annotator "ChessBase"]
[PlyCount "62"]
[EventDate "1984.04.03"]
[EventType "tourn"]
[EventRounds "17"]
[EventCountry "URS"]
[EventCategory "10"]
[SourceTitle "URS-ch"]
[Source "ChessBase"]
[SourceDate "1999.07.01"]
[SourceVersion "1"]
[SourceVersionDate "1999.07.01"]
[SourceQuality "1"]

1. d4 Nf6 2. Bg5 d5 3. Bxf6 exf6 4. e3 Bd6 5. Bd3 O-O 6. Nc3 c6 7. Qf3 a5 8.
Nge2 Na6 9. a3 Re8 10. e4 dxe4 11. Bxe4 Nc7 12. Qd3 g6 13. O-O f5 14. Bf3 Ne6
15. d5 {[#]} Ng5 $1 16. dxc6 Nxf3+ 17. Qxf3 bxc6 18. Qxc6 Ra6 19. Qa4 Bb7 20.
Rad1 Qa8 21. f3 Be5 22. Qh4 Rb6 23. Na4 Rc6 {[#]} 24. Nec3 (24. Nd4 $11 Rc4 (
24... Bxd4+ 25. Qxd4 Rxc2 26. Rf2 Rxf2 27. Qxf2 $11) 25. b3 Bxd4+ 26. Rxd4 Rxc2
27. Re1 $11) 24... Ba6 $17 25. Rfe1 Rc4 26. Qg5 Kg7 27. Kh1 Qc6 28. Qe3 Re6 29.
Qb6 Rxc3 30. Rxe5 Rxe5 31. Qd4 $2 (31. bxc3 Qxa4 $17) 31... Rce3 0-1

[Event "GMA Baleares op"]
[Site "Palma de Mallorca"]
[Date "1989.??.??"]
[Round "2"]
[White "Gurevich, Mikhail"]
[Black "Wolff, Patrick G"]
[Result "1-0"]
[WhiteElo "2640"]
[BlackElo "2505"]
[Annotator "ChessBase"]
[PlyCount "43"]
[EventDate "1989.12.??"]
[EventType "swiss"]
[EventRounds "9"]
[EventCountry "ESP"]
[SourceTitle "TD"]
[Source "ChessBase"]
[SourceDate "1994.03.01"]
[SourceVersion "1"]
[SourceVersionDate "1994.03.01"]
[SourceQuality "1"]

1. d4 Nf6 2. Bg5 d5 3. Bxf6 exf6 4. e3 c5 5. dxc5 Bxc5 6. Nc3 Be6 7. Bb5+ Nc6
8. Nge2 O-O 9. O-O Ne5 (9... a6) 10. Nf4 a6 11. Ba4 (11. Be2 d4 12. Na4 Ba7)
11... Nc4 (11... d4 12. Ne4 Ba7 13. Nxe6 fxe6 14. exd4 Qxd4 15. Qxd4 Bxd4 16.
c3 Ba7 17. Bb3) 12. Bb3 Nxb2 13. Qe2 Rc8 14. Ncxd5 Bxd5 15. Nxd5 b5 16. c3 Ba3
17. Rab1 Nc4 (17... Na4 18. Rfd1 Qa5 19. Nxf6+ $1 gxf6 20. Qg4+ Kh8 21. Bc2)
18. Rfd1 Qd6 (18... Qa5 19. Rd4) 19. Bxc4 Rxc4 20. Nb6 Qxb6 21. Qxc4 Qxe3 22.
Qxb5 1-0

[Event "Khanty-Mansiysk FIDE GP (Women)"]
[Site "Khanty-Mansiysk"]
[Date "2014.04.17"]
[Round "8"]
[White "Stefanova, Antoaneta"]
[Black "Batchimeg, Tuvshintugs"]
[Result "1/2-1/2"]
[WhiteElo "2489"]
[BlackElo "2340"]
[Annotator "ChessBase Website"]
[PlyCount "74"]
[EventDate "2014.04.09"]
[EventType "tourn"]
[EventRounds "11"]
[EventCountry "RUS"]
[EventCategory "10"]
[SourceTitle "CBM 160"]
[Source "ChessBase"]
[SourceDate "2014.05.15"]
[SourceVersion "1"]
[SourceVersionDate "2014.05.15"]
[SourceQuality "1"]
[TimeControl "40/5400+30:1800+30"]
[WhiteClock "1:30:00"]
[BlackClock "1:30:00"]

1. d4 {[%emt 0:00:00]} Nf6 {[%emt 0:00:00]} 2. Nc3 {[%emt 0:00:48]} d5 {
[%emt 0:00:06]} 3. Bf4 {[%emt 0:00:12]} e6 {[%emt 0:06:06]} 4. e3 {[%emt 0:08:
37]} Bd6 {[%emt 0:00:57]} 5. Bg3 {[%emt 0:00:43]} (5. Nf3 O-O 6. Bd3 c5 7. dxc5
Bxc5 8. O-O Nc6 9. e4 dxe4 10. Nxe4 Nxe4 11. Bxe4 Qf6 12. Bg5 Qxb2 13. Rb1 Qa3
14. Bc1 Qa4 15. Bxh7+ Kxh7 16. Ng5+ Kg8 17. Qh5 Qxc2 18. Rb3 Qg6 19. Qh4 e5 {
0-1 (19) Jobava,B (2705)-Malakhov,V (2716) Warsaw 2013}) 5... c5 $146 {[%emt 0:
01:07]} (5... O-O 6. Bd3 a6 7. Nf3 Nc6 8. a3 Qe7 9. Ne5 Nd7 10. f4 f5 11. Nb1
Nd8 12. O-O Nf7 13. c4 Bxe5 14. fxe5 dxc4 15. Bxc4 b5 16. Ba2 Bb7 17. Nc3 Nb6
18. Qe2 Ng5 19. Rac1 Rad8 20. Bf4 Nf7 21. Bb3 Kh8 22. Na2 Bd5 23. Bxd5 Nxd5 24.
Nb4 Nxb4 25. axb4 Rc8 26. Rc6 Nd8 27. Rxa6 Qxb4 28. Bg5 Nf7 29. Bf4 Rfe8 30.
Ra7 Kg8 31. Rc1 c6 32. Bg3 Qb3 33. Rc3 Qd5 34. h3 Rf8 35. Bh4 {Colovic,D (2380)
-Kostic,V (2430) Serbia 2009 1/2-1/2}) 6. dxc5 {[%emt 0:10:33]} Bxc5 {[%emt 0:
03:03]} 7. Nb5 {[%emt 0:00:09]} Na6 {[%emt 0:08:28]} 8. c3 {[%emt 0:21:17]} O-O
{[%emt 0:04:23]} 9. a4 {[%emt 0:11:33]} Ne4 {[%emt 0:04:24]} 10. Be5 {[%emt 0:
07:20]} f6 {[%emt 0:04:10]} 11. Bd4 {[%emt 0:00:26]} Be7 {[%emt 0:24:46]} 12.
f3 {[%emt 0:02:31]} Nd6 {[%emt 0:01:15]} 13. f4 {[%emt 0:00:04]} Nf5 {[%emt 0:
07:46]} 14. Bd3 {[%emt 0:10:05]} e5 {[%emt 0:01:35]} 15. fxe5 {[%emt 0:03:33]}
fxe5 {[%emt 0:00:14]} 16. Bxf5 {[%emt 0:12:37]} Rxf5 {[%emt 0:00:44]} 17. Bxa7
{[%emt 0:00:32]} Be6 {[%emt 0:07:14]} 18. Nf3 {[%emt 0:01:50]} b6 {[%emt 0:02:
02]} 19. O-O {[%emt 0:00:52]} Bc5 {[%emt 0:00:18]} 20. Qe2 {[%emt 0:00:28]} Rf7
{[%emt 0:11:49]} 21. b4 {[%emt 0:02:16]} Bd6 {[%emt 0:00:31]} 22. Nxd6 {
[%emt 0:00:27]} Qxd6 {[%emt 0:00:14]} 23. Qxa6 {[%emt 0:00:05]} Rfxa7 {[%emt 0:
00:07]} 24. Qe2 {[%emt 0:00:11]} Rxa4 {[%emt 0:04:54]} 25. Rxa4 {[%emt 0:00:03]
} Rxa4 {[%emt 0:00:04]} 26. Ng5 {[%emt 0:00:24]} Ra7 {[%emt 0:03:00]} 27. Qd3 {
[%emt 0:03:18]} g6 {[%emt 0:01:52]} 28. e4 {[%emt 0:00:42]} Rd7 {[%emt 0:00:50]
} 29. Rf6 {[%emt 0:01:04] This game was somewhat strange. Stefanova used one
of her usual sideline openings to obtain a decent position that quickly turned
for the worse. However the Mongolian player was unable to fully use White's
bishop that was stuck on a7, and slowly but surely her position got worse and
worse. Stefanova had a beautiful chance to obtain a clear edge with 29.Qf3!
but once this chance was missed the game was close to equal.} (29. Qf3 $36 {
[%csl Rg8]}) 29... Qe7 {[%emt 0:00:13]} 30. Qf1 {[%emt 0:01:12]} Bf5 {[%emt 0:
00:36]} 31. Rxb6 {[%emt 0:00:45]} Qxg5 {[%emt 0:00:09]} 32. Rb8+ {[%emt 0:00:
22]} Kg7 {[%emt 0:00:18]} 33. exf5 {[%emt 0:00:05]} Qe3+ {[%emt 0:01:15]} 34.
Qf2 {[%emt 0:00:53]} Qc1+ {[%emt 0:00:04]} 35. Qf1 {[%emt 0:00:02]} Qe3+ {
[%emt 0:00:25]} 36. Qf2 {[%emt 0:00:31]} Qc1+ {[%emt 0:01:26]} 37. Qf1 {
[%emt 0:00:01]} Qe3+ {[%emt 0:00:27]} 1/2-1/2

[Event "Khanty-Mansiysk FIDE GP (Women)"]
[Site "Khanty-Mansiysk"]
[Date "2014.04.09"]
[Round "1"]
[White "Stefanova, Antoaneta"]
[Black "Kosteniuk, Alexandra"]
[Result "1/2-1/2"]
[WhiteElo "2489"]
[BlackElo "2527"]
[Annotator "ChessBase Website"]
[PlyCount "138"]
[EventDate "2014.04.09"]
[EventType "tourn"]
[EventRounds "11"]
[EventCountry "RUS"]
[EventCategory "10"]
[SourceTitle "CBM 160"]
[Source "ChessBase"]
[SourceDate "2014.05.15"]
[SourceVersion "1"]
[SourceVersionDate "2014.05.15"]
[SourceQuality "1"]
[TimeControl "40/5400+30:1800+30"]
[WhiteClock "1:30:00"]
[BlackClock "1:30:00"]

1. d4 {[%emt 0:00:00]} d5 {[%emt 0:00:00]} 2. Bf4 {[%emt 0:00:23] The only
game that was not won by the White pieces, but it certainly could have.
Stefanova employed one of her usual unorthodox openings and got a really nice
position, eventually leading into a more comfortable endgame. Kosteniuk erred
quickly after entering the knight and bishop endgame and found herself in a
lost position, but by some miracle Stefanova missed win after win after win
until the game was drawn.} Nf6 {[%emt 0:01:32]} 3. Nc3 {[%emt 0:01:27]} c6 {
[%emt 0:08:07]} 4. e3 {[%emt 0:02:02]} Nbd7 {[%emt 0:02:39]} (4... Bf5 5. f3 e6
6. g4 Bg6 7. h4 h6 8. Bd3 Bxd3 9. cxd3 Bd6 10. Nge2 Bxf4 11. Nxf4 Nbd7 12. Kf2
Ng8 13. Qb3 Qb6 14. Na4 Qxb3 15. axb3 Ne7 16. b4 O-O-O 17. Nc5 Kb8 18. h5 b6
19. Nb3 e5 20. dxe5 Nxe5 21. Nd4 Kb7 22. Nf5 g5 23. hxg6 N7xg6 24. Ke2 Nxf4+
25. exf4 Ng6 26. Kd2 Nxf4 27. Ra4 Rhe8 28. Rha1 Re2+ 29. Kd1 Ra8 30. b5 Rh2 31.
bxc6+ Kc7 32. R1a3 Ng6 33. Rd4 Rd8 34. Rxa7+ {Rapport,R (2691)-Sachdev,T (2442)
Caleta 2014 1/2-1/2 (129)}) 5. h4 {[%emt 0:06:01]} g6 {[%emt 0:14:08]} 6. g4 {
[%emt 0:13:53]} h6 {[%emt 0:03:56]} 7. Bd3 {[%emt 0:07:48]} Bg7 {[%emt 0:02:09]
} 8. Qf3 {[%emt 0:04:35]} Qa5 {[%emt 0:08:12]} 9. Nge2 {[%emt 0:05:18]} Ne4 {
[%emt 0:04:41]} 10. Bxe4 {[%emt 0:11:10]} dxe4 {[%emt 0:00:06]} 11. Qg2 {
[%emt 0:00:10]} Nf6 {[%emt 0:08:32]} 12. g5 {[%emt 0:02:56]} hxg5 13. hxg5 {
[%emt 0:04:07]} Rxh1+ {[%emt 0:06:27]} 14. Qxh1 {[%emt 0:00:03]} Nh5 {[%emt 0:
01:46]} 15. O-O-O {[%emt 0:09:47]} Bg4 {[%emt 0:03:55]} 16. Qxe4 {[%emt 0:03:
58]} Bxe2 {[%emt 0:02:27]} 17. Nxe2 {[%emt 0:00:25]} Qxa2 {[%emt 0:06:02]} 18.
Nc3 {[%emt 0:06:03]} Qa1+ {[%emt 0:00:17]} 19. Kd2 {[%emt 0:03:38]} Qa5 {
[%emt 0:00:16]} 20. b4 {[%emt 0:00:48]} Qf5 {[%emt 0:08:24]} 21. Qxf5 {[%emt 0:
00:40]} gxf5 {[%emt 0:00:02]} 22. Bh2 {[%emt 0:00:23]} O-O-O {[%emt 0:12:01]}
23. Ra1 {[%emt 0:05:31]} e5 {[%emt 0:01:58]} 24. Rxa7 {[%emt 0:00:42]} exd4 {
[%emt 0:00:03]} 25. Ra8+ {[%emt 0:01:03]} Kd7 {[%emt 0:00:02]} 26. Rxd8+ {
[%emt 0:00:08]} Kxd8 {[%emt 0:00:01]} 27. Ne2 {[%emt 0:01:07]} dxe3+ {[%emt 0:
00:13]} 28. Kxe3 {[%emt 0:00:33]} Bf8 {[%emt 0:00:30]} 29. c3 {[%emt 0:00:53]}
Be7 {[%emt 0:01:15]} 30. f4 {[%emt 0:02:57]} Kd7 {[%emt 0:01:19]} 31. Bg1 {
[%emt 0:00:56]} Bd6 {[%emt 0:02:33]} 32. Kf3 {[%emt 0:00:24]} Bc7 {[%emt 0:01:
53]} 33. Be3 {[%emt 0:03:15]} Ng7 {[%emt 0:00:27]} 34. Ng3 {[%emt 0:00:24]} Ke6
{[%emt 0:00:07]} 35. Bd4 {[%emt 0:01:42]} Ne8 {[%emt 0:00:01]} 36. c4 {[%emt 0:
01:02]} Bd6 {[%emt 0:01:24]} 37. Bc3 {[%emt 0:00:44]} b5 {[%emt 0:00:28]} 38.
c5 {[%emt 0:00:36]} Be7 {[%emt 0:00:04]} 39. Ne2 {[%emt 0:00:40]} Kd5 {[%emt 0:
00:22]} 40. Nd4 {[%emt 0:00:00]} Bf8 {[%emt 0:00:00]} 41. Nxf5 {[%emt 0:01:50]}
Kc4 {[%emt 0:01:35]} 42. Be1 {[%emt 0:01:50]} Kd3 {[%emt 0:00:48]} 43. Kg4 {
[%emt 0:16:15]} Nc7 {[%emt 0:09:23]} 44. Nd6 {[%emt 0:04:52]} Ke2 {[%emt 0:00:
27]} 45. Bc3 {[%emt 0:05:34]} Nd5 {[%emt 0:01:35]} 46. Bh8 {[%emt 0:00:23]}
Nxb4 {[%emt 0:01:03]} 47. Nxf7 {[%emt 0:00:06]} Bxc5 {[%emt 0:03:06]} 48. Nd8 {
[%emt 0:01:05]} Nd5 {[%emt 0:02:19]} 49. Nxc6 {[%emt 0:00:44]} Ke3 {[%emt 0:07:
00]} 50. f5 {[%emt 0:00:10]} Ke4 {[%emt 0:00:08]} 51. f6 {[%emt 0:00:09]} Nf4 {
[%emt 0:01:31]} 52. f7 {[%emt 0:01:29]} Ng6 {[%emt 0:03:04]} 53. Bc3 {[%emt 0:
00:21]} Kd5 {[%emt 0:00:21]} 54. Nd8 {[%emt 0:00:43]} b4 {[%emt 0:01:17]} 55.
Bb2 {[%emt 0:01:00]} b3 {[%emt 0:02:49]} 56. Kf5 {[%emt 0:01:21]} Ne7+ {
[%emt 0:01:50]} 57. Kf6 {[%emt 0:00:26]} Ke4 {[%emt 0:00:04]} 58. f8=Q {
[%emt 0:01:29]} Nd5+ {[%emt 0:00:02]} 59. Kf7 {[%emt 0:00:05]} Bxf8 {[%emt 0:
00:03]} 60. Kxf8 {[%emt 0:00:05]} Kf5 {[%emt 0:00:26]} 61. Nf7 {[%emt 0:00:20]}
Nf4 {[%emt 0:02:19]} 62. Kg7 {[%emt 0:00:36]} Nd3 {[%emt 0:00:22]} 63. Bf6 {
[%emt 0:00:34]} b2 {[%emt 0:01:03]} 64. Nh6+ {[%emt 0:00:24]} Kf4 {[%emt 0:00:
15]} 65. Bxb2 {[%emt 0:00:12]} Kxg5 {[%emt 0:00:04]} 66. Bf6+ {[%emt 0:00:17]}
Kf4 {[%emt 0:00:07]} 67. Kf7 {[%emt 0:00:04]} Ne5+ {[%emt 0:00:04]} 68. Ke6 {
[%emt 0:00:27]} Ng4 {[%emt 0:00:05]} 69. Nxg4 {[%emt 0:00:04]} Kxg4 {[%emt 0:
00:01]} 1/2-1/2

[Event "Vlissingen HZ op 03rd"]
[Site "Vlissingen"]
[Date "1999.08.14"]
[Round "6"]
[White "Van der Wiel, John"]
[Black "Chuchelov, Vladimir"]
[Result "1/2-1/2"]
[WhiteElo "2544"]
[BlackElo "2533"]
[Annotator "Chuchelov,V"]
[PlyCount "35"]
[EventDate "1999.08.09"]
[EventType "swiss"]
[EventRounds "7"]
[EventCountry "NED"]
[SourceTitle "EXT 2000"]
[Source "ChessBase"]
[SourceDate "1999.11.16"]
[SourceVersion "1"]
[SourceVersionDate "1999.11.16"]
[SourceQuality "1"]

1. d4 Nf6 2. c3 d5 3. Bf4 e6 4. e3 Be7 5. Nd2 O-O 6. Bd3 c5 7. Ngf3 Qb6 $1 8.
Qb1 cxd4 9. exd4 Bd7 10. Ne5 Bb5 11. Bc2 Rc8 12. g4 g6 13. h4 Nbd7 $1 14. h5
Nxe5 15. Bxe5 Be8 16. hxg6 $6 fxg6 17. Nf3 $6 Ne4 $6 (17... Nxg4 $1 18. Rg1
Nxe5 19. Nxe5 Bf6 $17 20. Bxg6 $140 hxg6 21. Rxg6+ Bg7) 18. Nd2 $138 1/2-1/2

[Event "ISR-ch"]
[Site "Ramat Aviv"]
[Date "2004.09.19"]
[Round "1"]
[White "Deutsch, Eyal"]
[Black "Erenburg, Sergey"]
[Result "0-1"]
[WhiteElo "2350"]
[BlackElo "2533"]
[Annotator "Erenburg,S"]
[PlyCount "68"]
[EventDate "2004.09.19"]
[EventType "swiss"]
[EventRounds "9"]
[EventCountry "ISR"]
[SourceTitle "CBM 102 Extra"]
[Source "ChessBase"]
[SourceDate "2004.11.03"]
[SourceVersion "1"]
[SourceVersionDate "2004.11.03"]
[SourceQuality "1"]

1. d4 Nf6 2. e3 c5 3. c3 {White plays extremely passive, thus, hoping to get a
draw...} e6 4. f4 {White got the Stonewall setup with extra tempo...} b6 {
Black prepares to develop his light-squared bishop to one of the squares on
diagonal c8-a6. In this structure, black is interested to change the
light-squared bishops, as it will weaken light squares in white camp.} 5. Nf3
Be7 6. Bd3 {White is ready to take control over the centre, carrying out e3-e4,
therefore black reacts with} d5 7. O-O O-O ({Of course not} 7... Ba6 $4 8. Bxa6
Nxa6 9. Qa4+ $18) 8. Nbd2 {White's main plan in such positions should be a
transfer of the queen to the kingside through the maneouvre Qd1-e1-h4 with
following development initiative on that side of the board.} ({After} 8. Qe2 {
black doesn't give up on his idea to trade light-sqaured bishops and continue
in the following way:} Bb7 9. Nbd2 Qc8 $1 {[%cal Yb7a6]}) 8... Ba6 9. Bxa6 {
Black succeeded to change the light-squared bishops, but white gets
possibility to carry out e3-e4:} Nxa6 10. Qe2 Qc8 $1 {In my opinion, very
strong move. Black keeps his knight on a6, thus, saving for it option to get
into the game through the c5 square.} 11. e4 dxe4 12. Nxe4 Qb7 {It is
important to take control over a long diagonal, covering the light squares.}
13. Nxf6+ Bxf6 14. Be3 Rac8 (14... Rfd8 15. Rad1 Rac8 {- leads to main line.})
15. Rad1 Rfd8 16. dxc5 $6 {White plays too much for a draw... He changes
everything he can, but it plays in black's hands, as it helps black to improve
the knight's a6 location.} ({More logical was} 16. Ne5 Rd5 $13) 16... Nxc5 17.
Bd4 ({After} 17. Bxc5 Rxd1 18. Rxd1 Rxc5 {black's chances are preferable.})
17... Bxd4+ 18. Nxd4 (18. Rxd4 Rxd4 19. Nxd4 Qd5 {and black keeps some chances
for an edge.}) 18... Rd5 {trying to occupy the "d" file. We can evaluate this
position as almost equal, but black's prospects are better, as white's
kingside is a bit vulnerable, due to f4 pawn, and, black has some chances to
get control over "d" file.} 19. Nf3 Rcd8 20. c4 R5d7 (20... R5d6 {- leads to
the game.}) 21. Ne5 Rd4 22. Nf3 R4d6 23. Rxd6 Rxd6 $15 {[%csl Yd6,Rf4][%cal
Gd6d1] Despite white changed everything he was able, he didn't succeed to
equalize the game...} 24. f5 {The idea of this move is clear- white changes
his weak pawn.} (24. Rd1 Qd7 25. Rxd6 Qxd6 26. g3 Qd3 $15) 24... h6 {
Prophylactic move, which liberates the h7 square for the king.} 25. Qe5 $6 {
White tries to create some threats on the kingside, thus, changing the
character of the struggle. It is not so clear to find a way to equality:} (25.
f6 gxf6 (25... Qe4 $5 $15) 26. b4 Ne4 27. Qe3 Qc6 $15) (25. fxe6 Rxe6 26. Qd2
Qe4 $15) 25... Qe7 $1 {defending the rook, and, at the same time, preventing
f5-f6.} 26. fxe6 $6 {This decision to open up the game, when black's pieces
are much more active, seems strange... But, I cannot say, that this mistake
was decisive...} (26. b3 f6 27. Qe3 e5 $15) 26... Rxe6 27. Qb8+ Kh7 28. Nd4 $2
{It is the moment, where white loses the game! White kept chances after} (28.
Qf4 Re2 $15 {and black is better, thanks to activity of his pieces.}) 28... Rf6
$1 $19 {threatening with Qe3.} 29. Nf3 {Maybe two following continuations were
more resistant, but, anyway, they don't prevent from black decisive advantage:}
(29. Rxf6 Qxf6 30. Nb3 Nxb3 31. axb3 Qd4+ 32. Kf1 Qd1+ 33. Kf2 Qc2+ 34. Kg1
Qc1+ $19) (29. Qg3 Rxf1+ 30. Kxf1 Qe4 (30... Qf6+ 31. Qf2 Qxf2+ 32. Kxf2 Nd3+
33. Ke3 Nxb2 34. Nb5 $13) 31. Qc3 Qb1+ 32. Ke2 Qg1 $1 33. Kf3 Qf1+ 34. Ke3 f5
$1 (34... Qxg2 $17) 35. Nf3 Qxg2 $19) 29... Qe3+ 30. Kh1 Qe2 $1 31. Kg1 Ne4 $1
$40 {[%cal Ye2e3,Ge4f2] bringing all the pieces to attack and threatening with
Qe3+. Now all the black pieces are located superb! As the result, white cannot
neutralize black's initiative.} 32. h3 {preparing the h2 square for monarch,
but black has the third piece in attack!} Rg6 $1 33. Nh4 {Nothing can stop
black's attack:} (33. Qh2 Qe3+ 34. Kh1 Ng3+ $19) (33. g4 Rf6 34. Nh2 Rxf1+ 35.
Nxf1 Qf2+ $19) 33... Nd2 $1 {White cannot keep material balance after this
strike!} 34. Ra1 ({Doesn't change anything:} 34. Rxf7 Qe1+ 35. Kh2 Qxh4 36. Rf8
Re6 37. Rh8+ Kg6 $19 {and black is just piece up.}) {[%tqu "En","Please find
the winning move for black.","","","d2f3","",10]} 34... Nf3+ $1 (34... Nf3+ 35.
Kh1 (35. Nxf3 Qxg2#) 35... Nxh4 $19) 0-1